000 01103nam a2200253 i 4500
001 21744
003 ES-MaACL
005 20260324152029.0
007 t|
008 021127s1923 sp |||| | spa d
080 _a94(460)
100 1 _aAlcázar Molina, Cayetano,
_d1897-1958
_919539
245 1 3 _aLa responsabilidad en la historia de España
_b: memoria leída en el Ateneo de Madrid, el día 22 de enero de 1923, en la Sección de Ciencias Históricas /
_cpor el secretario primero Cayetano Alcázar Molina.
260 _aMadrid :
_b[s.n.,
_c1923] (
_fSuc. de Rivadeneyra)
300 _a31 p. ;
_c18 cm.
610 2 4 _aAteneo de Madrid.
_bSección de Ciencias Históricas-
_vMemorias.
_91982
610 2 4 _aAteneo de Madrid-
_vObras digitalizadas.
_91930
650 0 4 _aResponsabilidad.
_916866
651 4 _aEspaña-
_xHistoria-
_xFilosofía.
_98344
852 _aES-MaACL
_j1647-F-6
_922514
_cDEPOF
_zRevisado enlace: 02 de Abril de 2025
856 4 _uhttp://www.ateneodemadrid.com/biblioteca_digital/folletos/Folletos-0189.pdf
_yVer documento
942 _2udc
999 _c21744
_d21744